FIFA 23 Top 100 Players - Statistics

General Stats
  • This quiz has been taken 164 times
  • The average score is 57 of 100
Answer Stats
Rating Club Player % Correct
91 Paris Saint-Germain Lionel Messi
100%
90 Manchester United Cristiano Ronaldo
98%
91 Paris Saint-Germain Kylian Mbappé
98%
90 Liverpool FC Mohamed Salah
96%
91 FC Barcelona Robert Lewandowski
96%
91 Real Madrid Karim Benzema
95%
91 Manchester City Kevin De Bruyne
94%
90 Bayern Munich Manuel Neuer
93%
89 Paris Saint-Germain Neymar
92%
90 Liverpool FC Virgil van Dijk
90%
89 Tottenham Hotspur Harry Kane
88%
89 Manchester City Ederson
86%
88 Manchester City Erling Haaland
86%
88 Real Madrid Luka Modric
86%
90 Real Madrid Thibaut Courtois
86%
89 Bayern Munich Sadio Mané
85%
88 Real Madrid Toni Kroos
85%
89 Tottenham Hotspur Heung Min Son
84%
89 Liverpool FC Alisson Becker
80%
88 Manchester City Bernardo Silva
79%
89 Manchester United Casemiro
79%
89 Bayern Munich Joshua Kimmich
78%
89 Chelsea FC N'Golo Kanté
78%
86 Chelsea FC Thiago Silva
78%
89 Atletico de Madrid Jan Oblak
75%
87 Bayern Munich Thomas Müller
74%
87 Manchester City Rodri
73%
86 Manchester United Bruno Fernandes
72%
88 Manchester City Rúben Dias
72%
88 FC Barcelona Marc-Andre Ter Stegen
70%
87 Manchester United David De Gea
68%
88 Paris Saint-Germain Gianluigi Donnarumma
67%
87 Liverpool FC Trent Alexander-Arnold
66%
87 Tottenham Hotspur Hugo Lloris
65%
88 Paris Saint-Germain Marquinhos
65%
87 Liverpool FC Andrew Robertson
64%
86 Chelsea FC Raheem Sterling
64%
86 Real Madrid Vinicius Junior
64%
87 FC Barcelona Frenkie de Jong
63%
86 Inter Milan Lautaro Martínez
62%
86 Inter Milan Romelu Lukaku
62%
84 Paris Saint-Germain Sergio Ramos
62%
85 Manchester City Ilkay Gündogan
58%
88 Paris Saint-Germain Keylor Navas
58%
86 AS Roma Paulo Dybala
58%
87 AC Milan Mike Maignan
57%
87 Liverpool FC Fabinho
56%
87 Real Madrid Antonio Rüdiger
55%
88 Manchester City João Cancelo
55%
87 Bayern Munich Leon Goretzka
55%
85 Manchester City Phil Foden
55%
85 Manchester City Kyle Walker
54%
85 FC Barcelona Pedri
54%
84 AC Milan Rafael Leão
54%
85 Bayern Munich Serge Gnabry
54%
85 Borussia Dortmund Marco Reus
52%
86 Lazio Ciro Immobile
51%
86 Manchester City Riyad Mahrez
51%
86 AC Milan Theo Hernandez
50%
85 Borussia M'gladbach Yann Sommer
50%
87 Paris Saint-Germain Marco Verratti
49%
85 Juventus Paul Pogba
49%
86 Real Madrid David Alaba
48%
85 Bayern Munich Matthijs De Ligt
48%
86 Chelsea FC Édouard Mendy
47%
85 FC Barcelona Jordi Alba
46%
84 Chelsea FC Kai Havertz
46%
84 Borussia Dortmund Mats Hummels
46%
86 Liverpool FC Thiago
46%
84 Juventus Angel Di Maria
45%
85 FC Barcelona Sergio Busquets
45%
86 Manchester City Aymeric Laporte
44%
86 RB Leipzig Christopher Nkunku
44%
86 Villarreal CF Daniel Parejo
43%
85 Leicester City Jamie Vardy
43%
84 Bayern Munich Alphonso Davies
42%
86 Bayern Munich Kingsley Coman
41%
86 Inter Milan Nicolò Barella
41%
85 Celta Vigo Iago Aspas
39%
85 Villarreal CF Gerard Moreno
38%
85 Chelsea FC Jorginho
38%
86 Inter Milan Milan Škriniar
38%
86 Lazio Sergej Milinkovic-Savic
38%
87 Chelsea FC Kalidou Koulibaly
34%
86 Juventus Wojciech Szczesny
34%
85 Liverpool FC Diogo Jota
32%
85 Real Betis Nabil Fekir
31%
84 Ajax Dusan Tadic
30%
85 Chelsea FC Pierre-Emerick Aubameyang
30%
84 Atletico de Madrid Joao Felix
29%
85 Borussia Dortmund Niklas Süle
28%
85 RB Leipzig Péter Gulácsi
28%
85 FC Barcelona Memphis Depay
27%
84 Real Sociedad Mikkel Oyarzabal
26%
86 Inter Milan Marcelo Brozović
25%
84 Chelsea FC Matteo Kovacic
25%
84 AC Milan Fikayo Tomori
21%
85 FC Sevilla Marcos Acuna
19%
85 Bayer Leverkusen Patrik Schick
18%
85 Juventus Filip Kostić
14%
No matching quizzes found
Score Distribution
Percent of People with Each Score
Percentile by Number Answered
Your Score History
You have not taken this quiz